000 00372nam a2200145Ia 4500
008 151213s9999 xx 000 0 und d
100 _aDscar Wilde
245 _aImportance of being Earnesse & Other Plays
_cDscar Wilde
260 _aNew Delhi
_bRupa
_c2000
300 _a2133 p.
650 _aEnglish
650 _aEnglish
700 _aDscar Wilde
999 _c1570
_d1570